Normal view
MARC view
Entry Topical Term
001 - CONTROL NUMBER
- control field: 6769
003 - CONTROL NUMBER IDENTIFIER
- control field: BD-RjUL
005 - DATE AND TIME OF LATEST TRANSACTION
- control field: 20230131115543.0
008 - FIXED-LENGTH DATA ELEMENTS
- fixed length control field: 230131|| aca||aabn | a|a d
040 ## - CATALOGING SOURCE
- Original cataloging agency: BD-RjUL
- Transcribing agency: BD-RjUL
150 ## - HEADING--TOPICAL TERM
- Topical term or geographic name entry element: Prayer
- General subdivision: Islam
670 ## - SOURCE DATA FOUND
- Source citation: Work cat.: (BD-RjUL)81146: Khan, K.S. Abid Ali 6768, The Muslim book of prayer /, 1941